| 000 | 00863nam a22002057a 4500 | ||
|---|---|---|---|
| 999 |
_c13168 _d13168 |
||
| 003 | AR-CdUCM | ||
| 008 | 190411b ||||| |||| 00| 0 spa d | ||
| 040 |
_aMUNICIPALIDAD PROVINCIAL DEL CUSCO _cBIBLIOTECA MUNICIPAL DEL CUSCO |
||
| 082 |
_22ed. _aC / 373.1 / _bF65 |
||
| 100 |
_aFlores Ugarte, Hugo H. _931317 |
||
| 245 |
_aMetodología pedagógica especial de filosofía y ciencias sociales y supervision docente : _bpara primaria secundaria superior / |
||
| 300 |
_a193 páginas ; _c22 cm. |
||
| 505 | _aMetodología pedagógica especial de la enseñanza de filosofía y ciencias sociales -- Proceso de educación -- La motivación... | ||
| 650 |
_aTeoría de la enseñanza. _931318 |
||
| 650 |
_aMétodos de enseñnaza. _931319 |
||
| 650 |
_aEducacción. _931320 |
||
| 650 |
_aPraxis de enseñar. _931321 |
||
| 942 |
_2ddc _cLIBROS |
||
| 945 |
_awfj _d2019-04-11 |
||